Apuntes sobre representación y organización de la información / (Registro nro. 26)
[ vista simple ]
| 000 -LEADER | |
|---|---|
| fixed length control field | 01507nam a2200277Ia 4500 |
| 003 - CONTROL NUMBER IDENTIFIER | |
| control field | PE SENCICO BE |
| 005 - DATE AND TIME OF LATEST TRANSACTION | |
| control field | 20251020182423.0 |
| 008 - FIXED-LENGTH DATA ELEMENTS--GENERAL INFORMATION | |
| fixed length control field | 200515s9999 xx 000 0 und d |
| 040 ## - CATALOGING SOURCE | |
| Original cataloging agency | PE SENCICO BE |
| Transcribing agency | PE SENCICO BE |
| 041 ## - LANGUAGE CODE | |
| Language code of text/sound track or separate title | spa |
| 082 ## - DEWEY DECIMAL CLASSIFICATION NUMBER | |
| Classification number | 025.1 |
| Item number | R74 |
| 100 1# - MAIN ENTRY--PERSONAL NAME | |
| Personal name | Rodríguez Bravo, Blanca |
| 9 (RLIN) | 2233 |
| Relator term | autor |
| 245 10 - TITLE STATEMENT | |
| Title | Apuntes sobre representación y organización de la información / |
| Statement of responsibility, etc. | Blanca Rodriguez Bravo |
| 250 ## - EDITION STATEMENT | |
| Edition statement | 1a ed. |
| 260 ## - PUBLICATION, DISTRIBUTION, ETC. | |
| Place of publication, distribution, etc. | Gijón [España] : |
| Name of publisher, distributor, etc. | Ediciones Trea ; |
| Date of publication, distribution, etc. | 2011 |
| 300 ## - PHYSICAL DESCRIPTION | |
| Extent | 206 p . : |
| Dimensions | 22 cm. |
| 490 ## - SERIES STATEMENT | |
| Series statement | Biblioteconomía y Administración Cultural ; |
| Volume/sequential designation | 231 |
| 505 0# - FORMATTED CONTENTS NOTE | |
| Formatted contents note | El tratamiento de la información documental -- La representación formal de los documentos -- El control de autoridades -- La representación de los contenidos de los documentos -- Los vocabularios controlados -- Algunas consideraciones sobre el futuro de la representación y la organización de la información |
| 520 3# - SUMMARY, ETC. | |
| Summary, etc. | Se estudian los procesos de identificación normalizada de las características externas de los documentos, sus productos y el control de los puntos de acceso. Se indaga en los contenidos referidos a la representación del mensaje documental por medio de resúmenes y conceptos expresivos de sus contenidos. |
| 650 10 - SUBJECT ADDED ENTRY--TOPICAL TERM | |
| Topical term or geographic name entry element | Administración de bibliotecas |
| 9 (RLIN) | 1549 |
| 650 20 - SUBJECT ADDED ENTRY--TOPICAL TERM | |
| Topical term or geographic name entry element | Organización de la información |
| 9 (RLIN) | 1722 |
| 650 20 - SUBJECT ADDED ENTRY--TOPICAL TERM | |
| Topical term or geographic name entry element | Catalogación |
| 9 (RLIN) | 1543 |
| 650 20 - SUBJECT ADDED ENTRY--TOPICAL TERM | |
| Topical term or geographic name entry element | Indización |
| 9 (RLIN) | 2234 |
| 650 20 - SUBJECT ADDED ENTRY--TOPICAL TERM | |
| Topical term or geographic name entry element | Clasificación bibliográfica |
| 9 (RLIN) | 2235 |
| 942 ## - ADDED ENTRY ELEMENTS (KOHA) | |
| Koha item type | Libros |
| Source of classification or shelving scheme | Dewey Decimal Classification |
| Fecha de la última vez que lo usaron | Número de ingreso o de inventario | Pago total | Signatura topográfica completa | Código de barras | Precio efectivo desde | Tipo de documento | Estado perdido | Sistema de clasificación | Estado dañado | No es para préstamo | Retirado | Ubicación permanente | Ubicación actual | Fecha de adquisición |
|---|---|---|---|---|---|---|---|---|---|---|---|---|---|---|
| 15/05/2020 | 15583 | 025.1/R74 | BibLima24050045 | 15/05/2020 | Libros | Dewey Decimal Classification | Biblioteca Central Lima | Biblioteca Central Lima | 15/05/2020 |